| 000 | 00620nam a22002177a 4500 | ||
|---|---|---|---|
| 005 | 20181213154039.0 | ||
| 008 | 181213b xxu||||| |||| 00| 0 eng d | ||
| 020 |
_a9780195671971 _cRs 510 |
||
| 040 | _beng | ||
| 041 | _aEnglish | ||
| 082 |
_a821(I) _bKIN |
||
| 100 | _aKing, Bruce | ||
| 245 |
_aModern Indian poetry in English _cBruce King |
||
| 250 | _aRev ed | ||
| 260 |
_aNew Delhi _bOxford University Press _c2001 |
||
| 300 |
_ax,416p _b24 cm |
||
| 504 | _aIncludes bibliographical references and index | ||
| 650 |
_aIndian Poetry in English _vHistory and criticism _yModern |
||
| 850 | _aLCLIB | ||
| 942 | _cBK | ||
| 999 |
_c41879 _d92358 |
||